Guess the Countryballs - Statistics

General Stats
  • This quiz has been taken 30 times
  • The average score is 20 of 20
Answer Stats
Picture Answer % Correct
Argentina
100%
Australia
100%
Brazil
100%
Canada
100%
China
100%
France
100%
Germany
100%
Italy
100%
Japan
100%
Russia
100%
Spain
100%
Switzerland
100%
Turkey
100%
United Kingdom
100%
United States
100%
India
96%
Netherlands
96%
South Korea
96%
Austria
92%
Iran
92%
No matching quizzes found
Score Distribution
Percent of People with Each Score
Percentile by Number Answered
Your Score History
You have not taken this quiz